[Event "Fajr op 14th"]
[Site "Tehran"]
[Date "2006.01.28"]
[Round "6"]
[White "Noori, Amir"]
[Black "Bistric, Faruk"]
[Result "0-1"]
[WhiteElo "2186"]
[BlackElo "2434"]
[PlyCount "108"]
[EventDate "2006.01.24"]
[EventType "swiss"]
[EventRounds "9"]
[EventCountry "IRI"]
[SourceTitle "CBM 110 Extra"]
[Source "ChessBase"]
[SourceDate "2006.03.10"]
[SourceVersion "2"]
[SourceVersionDate "2006.03.10"]
[SourceQuality "1"]

1. e4 c5 2. Nc3 Nc6 3. g3 g6 4. Bg2 Bg7 5. Nge2 e6 6. d3 Nge7 7. Be3 Nd4 8. Qd2 Rb8 9. Nd1 Nec6 10. 0-0 0-0 11. c3 Nxe2+ 12. Qxe2 d6 13. f4 b6 14. Nf2 Bb7 15. Rad1 f5 16. d4 cxd4 17. cxd4 Ne7 18. d5 exd5 19. exd5 Re8 20. Qd2 Kh8 21. Bd4 Ng8 22. Bxg7+ Kxg7 23. Nd3 a5 24. b3 Rc8 25. Rc1 Ba6 26. Bf3 Qf6 27. Nf2 Bb5 28. g4 h6 29. gxf5 gxf5 30. Kh1 Rxc1 31. Rxc1 Re7 32. a4 Be8 33. Nd3 Qd4 34. Rg1+ Kf8 35. Qg2 Bf7 36. Rd1 Nf6 37. Ne5 Qxf4 38. Nxf7 Kxf7 39. Rg1 Ke8 40. Rf1 Kf8 41. Qc2 Ng4 42. h3 Rc7 43. Qb2 Qe5 44. Qxe5 Nxe5 45. Be4 Rc3 46. Bxf5 Ke7 47. Rb1 Kf6 48. Be6 Rc2 49. Bg4 Kg5 50. b4 b5 51. Bd1 Rd2 52. bxa5 bxa4 53. Kg1 h5 54. Kf1 Kf4 0-1